Vida de Floridablanca / (Record no. 189050)

MARC details
000 -LEADER
campo de control de longitud fija 00870nam a2200229 i 4500
001 - NÚMERO DE CONTROL
campo de control 189050
003 - IDENTIFICADOR DE NÚMERO DE CONTROL
campo de control SpMaBN
005 - FECHA Y HORA DE LA ÚLTIMA TRANSACCIÓN
campo de control 20240103183018.0
008 - DATOS DE LONGITUD FIJA--INFORMACIÓN GENERAL
campo de control de longitud fija 190326s2017 sp a |||| |bspa d
020 ## - NÚMERO INTERNACIONAL ESTÁNDAR DEL LIBRO
Número Internacional Estándar del Libro 978-84-608-5660-3
080 ## - NÚMERO DE LA CLASIFICACIÓN DECIMAL UNIVERSAL
Número de la Clasificación Decimal Universal 929 Floridablanca, José Moñico, Conde de
100 1# - ENTRADA PRINCIPAL--NOMBRE DE PERSONA
Nombre de persona López Delgado, Juan Antonio.
9 (RLIN) 73607
245 10 - MENCIÓN DEL TÍTULO
Título Vida de Floridablanca /
Mención de responsabilidad, etc. Juan Antonio López Delgado.
260 ## - PUBLICACIÓN, DISTRIBUCIÓN, ETC.
Lugar de publicación, distribución, etc. Murcia :
Nombre del editor, distribuidor, etc. J.A. López Delgado,
Fecha de publicación, distribución, etc. 2017.
300 ## - DESCRIPCIÓN FÍSICA
Extensión 443 p. :
Otras características físicas il. ;
Dimensiones 22 cm.
504 ## - NOTA DE BIBLIOGRAFÍA, ETC.
Nota de bibliografía, etc. Referencias bibliográficas.
600 17 - PUNTO DE ACCESO ADICIONAL DE MATERIA--NOMBRE DE PERSONA
Nombre de persona Floridablanca, José Moñino
Títulos y otros términos asociados al nombre Conde de.
9 (RLIN) 51333
852 ## - LOCALIZACIÓN
Ubicación ES-MaACL
Número de control de estantería A-14440
itemnumber 196187
Sublocalización o colección R.151906
Ubicación en estantería Depósito 1
Signatura antigua Olim: N-7440
Anotaciones manuscritas Dedicatoria autógrafa del autor
Donativo/Legado Donación: Juan Antonio López Delgado
903 ## - NOMBRE PERSONAL DE DONANTE
9 73607
a López Delgado, Juan Antonio
e Donante
942 ## - ELEMENTOS DE ENTRADA SECUNDARIOS (KOHA)
Fuente del sistema de clasificación o colocación Clasificación decimal universal
Tipo de ítem Koha Libro impreso
Holdings
Estatus retirado Estado de pérdida Fuente del sistema de clasificación o colocación Estado de daño No para préstamo Colección Biblioteca de origen Biblioteca actual Ubicación en estantería Fecha de adquisición Fuente de adquisición Total de préstamos Signatura topográfica completa Código de barras Visto por última vez Precio de reemplazo Tipo de ítem Koha Nota pública
    Clasificación decimal universal     Libros con dedicatorias Biblioteca del Ateneo de Madrid Biblioteca del Ateneo de Madrid Depósito 1 26/03/2019 Donación   A-14440 1200220 23/02/2023 23/02/2023 Libro impreso Dedicatoria autógrafa del autor